000 01005nam a22002897a 4500
005 20110427151438.0
008 110427t xxu||||| |||| 00| 0 eng d
010 _aENG-102332
020 _a9788175332546
_c795.00
035 _aEN-85865
037 _bDBAD/PUB
040 _adpl
_bEng
082 _a200.82095
100 _927456
_aTiwari, Ramakant
245 _aChanging religious roles of women in pre-modern Asia /
_cby Ramakant Tiwari
260 _aNew Delhi
_b MD Publications
_c2010
270 _a"MD House", 11, Darya Ganj
_bNew Delhi
_e110002
_k91-11-45355555
_mcontact@mdppl.com
300 _avi,271 p.
_c22cm (Hb)
500 _aIncludes bibliographical references and index
610 _927464
650 _927465
651 _927466
700 _927451
710 _927453
942 _2ddc
_cEN
_h200.82095
_mTIW
999 _c51937
_d51937